Mapas nocturnos: diálogos con la obra de Jesús Martín-Barbero
Tallennettuna:
| Päätekijät: | , , |
|---|---|
| Aineistotyyppi: | Kirja |
| Kieli: | espanja |
| Julkaistu: |
Bogotá
Siglo del hombre
1998
|
| Sarja: | Encuentros
|
| Aiheet: | |
| Tagit: |
Lisää tagi
Ei tageja, Lisää ensimmäinen tagi!
|
MARC
| LEADER | 00000nam a2200000 a 4500 | ||
|---|---|---|---|
| 001 | UCK7821 | ||
| 003 | CL-VaPUC | ||
| 008 | 051216e19980000CK |||||||||||||||||spa|d | ||
| 020 | |a 9586650189 | ||
| 082 | 0 | 4 | |a 302.23 |b GAR |2 21 |
| 100 | |a García Canclini, Néstor |e author |9 536669 | ||
| 700 | 0 | |a Laverde Toscano, María Cristina |e author |9 497475 | |
| 700 | 0 | |a Reguillo Cruz, Rossana |e author |9 497476 | |
| 245 | 1 | 0 | |a Mapas nocturnos: diálogos con la obra de Jesús Martín-Barbero |
| 300 | |a 225 p | ||
| 942 | |c BK | ||
| 945 | |d 20051216 00:00:00 |a jtorresc | ||
| 260 | |a Bogotá |b Siglo del hombre |c 1998 | ||
| 650 | 0 | |a Comunicación |9 257251 | |
| 650 | 0 | |a Medios de comunicación en masa |9 369279 | |
| 650 | 0 | |a Cultura |9 269059 | |
| 650 | 0 | |a Mediación |9 338396 | |
| 650 | 0 | |a Aspectos sociales |9 254894 | |
| 583 | |a last modification |c 20120627 05:52:37 |k Rodrigo Vera | ||
| 490 | 0 | |a Encuentros | |
| 999 | |c 315663 |d 315661 | ||
| 952 | |0 0 |1 0 |4 0 |6 302_230000000000000_GAR_1998 |7 0 |8 A |9 389248 |a BIBCUR |b BIBCUR |d 2019-11-22 |i 419246K |o 302.23 GAR 1998 |p 419246K |r 2025-04-22 |w 2019-11-22 |y BK |k PER | ||